La constitucin̤ de 1857 y sus crt̕icos

Bibliographic Details
Main Author: Coso̕ Villegas, Daniel
Format: Book
Language:Spanish
Published: Mx̌ico Fondo de Cultura Econm̤ica 2013
Subjects:
Online Access:Acceso restringido

MARC

LEADER 00000nam a22000007a 4500
005 20151216123053.0
007 cr|||| ||u|
008 151216s2013 mx ||||| |||| 00||0 spa d
020 |a 978-607-16-1497-1 
035 |a 12963 
040 |a vLex 
090 |c 5732  |d 5732 
100 1 |a Coso̕ Villegas, Daniel 
245 1 3 |a La constitucin̤ de 1857 y sus crt̕icos  |h [Recurso electrn̤ico] /  |c Daniel Coso̕ Villegas  
256 |a Servicio en ln̕ea 
260 |a Mx̌ico  |b Fondo de Cultura Econm̤ica  |c 2013 
300 |a 1 recurso electrn̤ico (Tercera edicin̤. 165 Pg̀inas.) 
506 1 |a Contenido solo disponible en los productos indicados  |d vLex Global  |d vLex Global (Academic Edition, excluding Law Schools)  |d vLex Global (U.S. Academic Edition, Law Schools)  |d vLex Global (U.S. Academic Edition, excluding Law Schools)  |d vLex Global (Academic Edition, Law Schools) 
650 0 4 |a Constituciones  |z Mx̌ico 
740 0 |a vLex libros (servicio en ln̕ea) 
856 4 0 |u http://vlex.com/source/constitucion-1857-criticos-12963  |z Acceso restringido 
942 |c BOOK 
999 0 |a Constitutions